000 02295cam a22006134i 4500
003 PE-LiUPU
005 20250731170427.0
008 190806s2014 ag a rb 000 0 spa d
020 _a9508924624
020 _a9789508924629
035 _a(Sirsi) a252402
040 _aPE-LiUPU
_bspa
_cPE-LiUPU
_erda
049 _aPRUA
082 0 4 _a155.28
_V39
_223
100 1 _aVeccia, Teresa Ana,
_eautor.
245 1 0 _aTécnicas y métodos cualitativos en evaluación psicológica /
_cTeresa A. Veccia.
264 1 _aBuenos Aires :
_bLugar editorial,
_c2014.
300 _a159 páginas :
_bilustraciones ;
_c28 centímetros
336 _atext
_2rdacontent
337 _aunmediated
_2rdamedia
338 _avolume
_2rdacarrier
504 _aBibliografía al final de cada capítulo.
505 0 _aLa técnica proyectiva: un abordaje epistemo-metodologico -- La evaluación de la identidad de género en mujeres mayores. Aportes del test de apercepción temática -- El test de los cuentos de hadas (Fairy Tale Test): una nueva técnica proyectiva para niños que enriquece la compasión del funcionamiento de la personalidad infantil -- El acoso entre estudiantes. Un análisis cualitativo de las narrativas de docentes y alumnos en torno al fenómeno del bullying -- El test del paisaje y las transformaciones en el proceso terapéutico.
526 _aSEG68
526 _aSEG70
526 _aSEG69
526 _aSEG67
526 _aSEG43
526 _aP144
526 _aP143
526 _aP131
526 _aP122
526 _aP120
526 _aP117
526 _aP112
526 _aP110
526 _aP106
526 _aP101
526 _aP80
526 _aP59
526 _aP54
526 _aP35
526 _aP33
526 _aP30
541 _g002-00001573;
650 0 4 _aPsicología.
_95567
650 0 4 _aEvaluación Psicologíca.
650 0 4 _aTest.
910 _abrg
_bksl
_cksl
_d20190806
942 _2ddc
_cBOOK
994 _aC0
_bPEPRU
596 _a1
999 _a155.28 V39
_wDEWEY
_c31627
_i80496
_f2021-11-3
_g3
_lCCODEBUL1
_mBUL
_p27.55
_r0
_sY
_tBOOK
_u2019-8-6
_xSALUD
_zP33
_0COMPRA
_1FCOMPR3
_o.STAFF. Colección Ciencias de la Salud
_d31627
980 _81
_gALBERTO SANCHEZ Responsable de Automatización